Spacecraft structures and mechanisms--from concept to launch /

Bibliographic Details
Other Authors: Sarafin, Thomas P., Larson, Wiley J.
Format: Book
Language:English
Published: Torrance, Calif. : Dordrecht ; Boston : Microcosm ; Kluwer Academic Publishers, [1995]
Series:Space technology series.
Space technology library ; v. 4.
Subjects:

MARC

Tag First Indicator Second Indicator Subfields
LEADER 00000cam a2200000 a 4500
001 in00001301821
005 20151005050812.0
008 950323s1995 caua b 001 0 eng
010 |a  95012381  
015 |a GB95-57175 
019 |a 33010915 
020 |a 0792334760 (hardbound : acid-free paper) 
035 |a (OCoLC)32311586 
035 |9 AHA4382AM 
040 |a DLC  |c DLC  |d UKM  |d TXA  |d UtOrBLW 
049 |a TXAM 
050 0 0 |a TL910  |b .S673 1995 
082 0 0 |a 629.47  |2 20 
245 0 0 |a Spacecraft structures and mechanisms--from concept to launch /  |c Thomas P. Sarafin, editor and Wiley J. Larson, managing editor. 
264 1 |a Torrance, Calif. :  |b Microcosm ;  |a Dordrecht ;  |a Boston :  |b Kluwer Academic Publishers,  |c [1995] 
264 4 |c ©1995 
300 |a xiv, 850 pages :  |b illustrations ;  |c 25 cm. 
336 |a text  |b txt  |2 rdacontent 
337 |a unmediated  |b n  |2 rdamedia 
338 |a volume  |b nc  |2 rdacarrier 
490 1 |a Space technology series 
490 1 |a Space technology library ;  |v SPTL 4 
504 |a Includes bibliographical references and index. 
650 0 |a Space vehicles  |x Design and construction. 
650 0 |a Structural dynamics. 
653 0 |a Space vehicles 
700 1 |a Sarafin, Thomas P. 
700 1 |a Larson, Wiley J. 
830 0 |a Space technology series. 
830 0 |a Space technology library ;  |v v. 4. 
999 |a MARS 
999 f f |s 643dd582-32b1-352d-b1fe-bbff0ec851fd  |i 7b08bb9b-f53f-3b69-a190-a563622ede6a  |t 0 
952 f f |p normal  |a Texas A&M University  |b College Station  |c Sterling C. Evans Library  |d Evans: Library Stacks  |t 0  |e TL910 .S673 1995  |h Library of Congress classification  |i unmediated -- volume  |m A14820014181 
998 f f |a TL910 .S673 1995  |t 0  |l Evans: Library Stacks